Ochranná známka

Bibliographic Details
Main Author: Fenčák, Ján (Author)
Format: Book
Language:Slovak
PhysicalDescription:28 s. tab. 15 cm
Published: Prešov RE-PRO-MA 1999
ISBN:8096717057
Subjects:

MARC

LEADER 00000cam a2200000 a 4500
001 vtls001374586
003 SK-MaSNL
005 20260301115418.0
008 240318s1999 xo a 00000 slo
015 |a SNBI2000/02-00779 
020 |a 8096717057 
035 |a SNK000328473 
035 |a urn:nbn:sk:snk-am3hqix 
035 |a 9A27C2EC-A091-42FF-A7D6-62EDAD1CCD5C 
035 |a urn:nbn:sk:snk-am00d5nx 
040 |a SNK  |b slo  |c SNK  |e AACR2 
041 0 |a slo 
044 |a xo  |c SK 
080 |a 608(094.57)  |2 1981 
100 1 |a Fenčák, Ján  |4 aut  |9 371465 
245 1 0 |a Ochranná známka  |c autor: Ján Fenčák 
246 3 |a Zákon o ochranných známkach 
260 |a Prešov  |b RE-PRO-MA  |c 1999 
300 |a 28 s.  |b tab.  |c 15 cm 
648 7 |a 1997  |2 SNKPH  |9 283446 
650 0 7 |a výrobky  |2 SNKPH  |9 4992 
650 0 7 |a ochranné známky  |2 SNKPH  |9 2674 
655 7 |a zákony  |2 SNKPH  |9 70186 
655 7 |a zákonné opatrenia  |2 SNKPH  |9 62172 
730 |t Zákon o ochranných známkach  |9 460372 
919 |a 80-967170-5-7 
958 |a TL 
999 |c 722113  |d 724043 
952 |t P60, <09>, [BOOK], {629}  |a SNK  |b SNK  |y NEVYP  |7 0  |o snkE 75  |i snk1243/991018  |0 0  |1 0  |4 0  |d 1999-10-15  |l 0  |r 2005-01-02 00:00:00  |w 2026-02-23 
952 |t P60, <03>, [BOOK], {603}  |a SNK  |b SNK  |y PREZ  |7 0  |p 17A0214274  |o snkSE 9719  |i snkKSP 10200/99  |0 0  |1 0  |4 0  |d 1999-10-15  |f 1  |l 0  |r 2005-01-02 00:00:00  |w 2026-02-23 
952 |t P60, <04>, [BOOK], {604}  |a SNK  |b SNK  |y VYP  |7 0  |p 17A0214275  |o snkSE 9719 D1  |i snkKSP 10201/99  |0 0  |1 0  |4 0  |d 1999-10-15  |l 0  |r 2005-01-02 00:00:00  |w 2026-02-23